000 01315cam a22002054a 4500
005 20250605164228.0
008 250528s ||||||||||||||||||||||||d
035 _a20923
020 _a9789603753698
040 _aGR-AtMCL
_bgre
_dGR-AtMCL
_eAACR2
245 1 _aΕισαγωγή στη Θεωρητική Γλωσσολογία
250 _a
260 _bΜεταίχμιο,
_c2002
300 _a648
520 _aΠρόκειται για γενική εισαγωγή στη Θεωρητική Γλωσσολογία και απευθύνεται κυρίως σε όσους έρχονται για πρώτη φορά σε επαφή με το θέμα. Πρόλογος, Γλωσσολογία: Η Επιστημονική Μελέτη της Γλώσσας, Η Δομή της Γλώσσας, Οι Φθόγγοι της Γλώσσας, Γραμματική: Γενικές Αρχές, Γραμματικές Μονάδες, Γραμματική Δομή, Γραμματικές Κατηγορίες, Γραμματικές λειτουργίες, Σημασιολογία: Γενικές Αρχές, Σημασιολογική Δομή, Βιβλιογραφία, Πίνακας Ονομάτων και Όρων,
700 1 _aLyons John
_96914
942 _cBK
999 _c6000
_d6000